Odgadnij język po liczbach od 1 do 10 - Statystyki

Ogólne statystyki
  • Ten quiz został rozwiązany 41 razy
  • Średni wynik to 10 z 15
Statystyki odpowiedzi
Liczby Język % Poprawnych
jeden dwa trzy cztery pięć sześć siedem osiem dziewięć dziesięć polski
95%
jeden dva tři čtyři pět šest sedm osm devět deset czeski
90%
eins zwei drei vier fünf sechs sieben acht neun zehn niemiecki
88%
one two three four five six seven eight nine ten angielski
85%
uno dos tres cuatro cinco seis siete ocho nueve diez hiszpański
78%
uno due tre quattro cinque sei sette otto nove dieci włoski
78%
un deux trois quatre cinq six sept huit neuf dix francuski
68%
ένα δύο τρία τέσσερα πέντε έξι επτά οκτώ εννέα δέκα grecki
68%
um dois três quatro cinco seis sete oito nove dez portugalski
68%
egy kettő három négy öt hat hét nyolc kilenc tíz węgierski
59%
yksi kaksi kolme neljä viisi kuusi seitsemän kahdeksan yhdeksän kymmenen fiński
51%
ett två tre fyra fem sex sju åtta nio tio szwedzki
49%
vienas du trys keturi penki šeši septyni aštuoni devyni dešimt litewski
46%
een twee drie vier vijf zes zeven acht negen tien niderlandzki
46%
en to tre fire fem seks syv otte ni ti duński
41%
Nie znaleziono quizów pasujących do podanych kryteriów
Rozkład punktacji
Procent ludzi z każdym wynikiem
Percentyl według liczby udzielonych odpowiedzi
Twoja historia wyników
Nie rozwiązałeś tego quizu